000 00418nam a22001697a 4500
003 NUST - PNEC
005 20170116181145.0
008 151008b xxu||||| |||| 00| 0 eng d
020 _a9788189401375
040 _cLIBRARY
082 _a621.4021 CHA
100 _914926
_aChavan, D.K.
245 _aApplied thermodynamics
_cD.K. Chavan
260 _c2010
650 _95418
_aThermodynamics
_xME
942 _2ddc
_cBK
999 _c70660
_d70660